Arkadaşlığın Matematiği Bir Öğretmen ile Öğrencinin Matematik Hakkın (Kayıt no. 659868)

MARC ayrıntıları
000 -LEADER
sabit uzunluktaki kontrol alanı 00312nam a2200097Ia 4500
001 - KONTROL NUMARASI
kontrol alanı 659868
005 - EN SON İŞLEMİN TARİH VE ZAMANI
kontrol alanı 20250826160103.0
008 - SABİT-UZUNLUKTA VERİ ÖĞELERİ--GENEL BİLGİ
sabit uzunluktaki kontrol alanı 250824s9999 xx 000 0 und d
245 #0 - ESER / YAZAR
ESER ADI Arkadaşlığın Matematiği Bir Öğretmen ile Öğrencinin Matematik Hakkın
Yazar Adı Steven Strogatz
260 ## - YAYIN, DAĞITIM, VB.
YAYIN EVİ TÜBİTAK YAYINLARI
Mevcut
Düşüm durumu Kayıp durumu Hasar Durumu Ödünç verilmez Ana kütüphane Geçerli Kütüphane Edinilen tarih Toplam ödünç verme sayısı Barkod Son görüntüleme tarihi Son ödünç verme tarihi Fiyatın geçerli olmaya başladığı tarih Koha materyal türü
        REBİİ KARATEKİN ORTAOKULU REBİİ KARATEKİN ORTAOKULU 24.08.2025 1 10112147 05.01.2026 02.01.2026 26.08.2025 Kitaplar
Gemini Bilgi Teknolojileri A.Ş. tarafından düzenlenmiştir.